Library Banner

Clinical chemistry / (Record no. 112644)

MARC details
000 -LEADER
fixed length control field 00687cam a22002298i 4500
001 - CONTROL NUMBER
control field 19164413
005 - DATE AND TIME OF LATEST TRANSACTION
control field 20190524103455.0
008 - FIXED-LENGTH DATA ELEMENTS--GENERAL INFORMATION
fixed length control field 160629s2017 nyu 001 0 eng
020 ## - INTERNATIONAL STANDARD BOOK NUMBER
International Standard Book Number 9780815365105 (pbk : alk. paper)
040 ## - CATALOGING SOURCE
Transcribing agency PK-LaUMT
082 00 - DEWEY DECIMAL CLASSIFICATION NUMBER
Classification number 616.0756
Edition number 23
Item number CLI-
245 10 - TITLE STATEMENT
Title Clinical chemistry /
Statement of responsibility, etc David White . . . [et al.]
260 ## - PUBLICATION, DISTRIBUTION, ETC. (IMPRINT)
Place of publication, distribution, etc New York :
Name of publisher, distributor, etc Garland Science,
Date of publication, distribution, etc 2017
300 ## - PHYSICAL DESCRIPTION
Extent xv, 587 p. :
Other physical details color illustrations ;
Dimensions 28 cm
500 ## - GENERAL NOTE
General note Includes index.
650 12 - SUBJECT ADDED ENTRY--TOPICAL TERM
Topical term or geographic name as entry element Chemistry Techniques, Analytical
650 12 - SUBJECT ADDED ENTRY--TOPICAL TERM
Topical term or geographic name as entry element Chemistry, Clinical
General subdivision methods
700 1# - ADDED ENTRY--PERSONAL NAME
Personal name Lawson, Nigel,
700 1# - ADDED ENTRY--PERSONAL NAME
Personal name Masters, Paul,
700 1# - ADDED ENTRY--PERSONAL NAME
Personal name McLaughlin, Daniel,
942 ## - ADDED ENTRY ELEMENTS (KOHA)
Koha item type Books
Holdings
Withdrawn status Lost status Damaged status Home library Current library Date acquired Full call number Barcode Date last seen Price effective from Koha item type
      UMT Main Campus UMT Main Campus 2019-05-24 616.0756 CLI- 130103 2022-09-21 2019-05-24 Books